Νέες μορφές εκπαίδευσης στην Ανώτερη Σχολή Τουριστικής Εκπαίδευσης Ρόδου με την χρήση νέων τεχνολογιών ; η χρήση της πλατφόρμας webct vista στην εξ' αποστάσεως τουριστική εκπαίδευση ; μια επισκόπηση απόψεων και αντιλήψεων των φοιτητών της Α.Σ.Τ.Ε.Ρ ; μεταπτυχιακή εργασία

Αποθηκεύτηκε σε:
Λεπτομέρειες βιβλιογραφικής εγγραφής
Κύριος συγγραφέας: Καβουκλής, Ηρακλής
Συγγραφή απο Οργανισμό/Αρχή: Πανεπιστήμιο Αιγαίου Σχολή Ανθρωπιστικών Σπουδών Τμήμα Δημοτικής Εκπαίδευσης
Άλλοι συγγραφείς: Τσολακίδης, Κωνσταντίνος (Εισηγητής διατριβής), Σοφός, Λοΐζος (Εισηγητής διατριβής), Αθανασιάδης, Ηλίας (Εισηγητής διατριβής)
Μορφή: Thesis Βιβλίο
Γλώσσα:Greek
Δημοσίευση: Ρόδος : Πανεπιστήμιο Αιγαίου, Παιδαγωγικό Τμήμα Δημοτικής Εκπαίδευσης, 2006.
Θέματα:
Ετικέτες: Προσθήκη ετικέτας
Δεν υπάρχουν, Καταχωρήστε ετικέτα πρώτοι!

MARC

LEADER 00000cam a2200000 i 4500
001 1/41895
008 070302s2006 gre d
035 |l 10087204 
040 |a GR-MY-UA  |b gre  |e aacr 
041 0 |a gre 
082 7 |a 374.4   |2 (22) 
100 1 |a Καβουκλής, Ηρακλής. 
245 1 0 |a Νέες μορφές εκπαίδευσης στην Ανώτερη Σχολή Τουριστικής Εκπαίδευσης Ρόδου με την χρήση νέων τεχνολογιών ; η χρήση της πλατφόρμας webct vista στην εξ' αποστάσεως τουριστική εκπαίδευση ;   |b μια επισκόπηση απόψεων και αντιλήψεων των φοιτητών της Α.Σ.Τ.Ε.Ρ ; μεταπτυχιακή εργασία /   |c Καβουκλής Ηρακλής ; Σοφός Αλεβίζος (επιβλέπων) ; συμβουλευτική επιτροπή: Αθανασιάδης Ηλίας, Τσολακίδης Κωνσταντίνος.  
260 |a Ρόδος :   |b Πανεπιστήμιο Αιγαίου, Παιδαγωγικό Τμήμα Δημοτικής Εκπαίδευσης,   |c 2006.  
300 |a 102 σ. :   |b εικ. ;   |c 30 εκ. 
500 |a Ελεύθερη πρόσβαση.  
502 |a Διατριβή (μεταπτυχιακή) – Πανεπιστήμιο Αιγαίου, Ρόδος, 2006. 
504 |a Βιβλιογραφία: σ. 92-96.  
610 2 0 |a University of the Aegean  |x Dissertations. 
650 0 0 |a Distance education  |x Computer-assisted instruction. 
650 0 |a Internet in education  |z Greece  |z Rhodes (Island) 
650 0 |a Distance education  |z Greece  |z Rhodes (Island) 
650 0 0 |a Dissertations, Academic  |z Greece. 
700 1 |a Τσολακίδης, Κωνσταντίνος.  |4 ths 
700 1 |a Σοφός, Λοΐζος.  |4 ths 
700 1 |a Αθανασιάδης, Ηλίας.  |4 ths 
710 2 |a Πανεπιστήμιο Αιγαίου  |b Σχολή Ανθρωπιστικών Σπουδών  |b Τμήμα Δημοτικής Εκπαίδευσης. 
852 |a INST  |b RHODES  |c DIATR  |e 20070302  |h 374.4 ΚΑΒ  |p 005400023864  |q 005400023864  |t MTXE  |y 23 
852 |a INST  |b RHODES  |c DIATR  |e 20070302  |h 374.4 ΚΑΒ  |p 005400023865  |q 005400023865  |t MTXE  |y 23 
901 |a BIBL4-2007-1 
909 |a Ρ  |b 127233 
909 |a Ρ  |b 127232 
924 |a ΚΑΒΟΥΚΛΗΣ  |b ΗΡΑΚΛΗΣ  |y Ρόδος  |z 2006-11 
970 |a ΜΙΣΣΟΣ  |b ΣΤΑΥΡΟΣ  |z 2007/03/02